VÄZBOVÉ VEDENIE PRE ZLUČOVANIE A ROZVOD TELEVÍZNEHO SIGNÁLU

Bibliographic Details
Main Authors: Šlapanský, J. (Author), Kováts, K. (Author)
Format: Article
Language:Slovak

MARC

LEADER 00000nab a2200000 a 4500
001 vtls010703765
003 SK-MaSNL
005 20260304195029.0
008 250709s1963 xo |||||||||||||||||slo|
035 |a (urnnbn)urn:nbn:sk:snk:ar-a03wjp 
035 |a (uuid)537f2ba2-403b-4da1-bac5-a985d27b97df 
035 |a urn:nbn:sk:snk-ab38p6 
040 |a SNKBUCL  |b slo  |c SNKBUCL  |e AACR2 
041 0 |a slo 
044 |a xo  |c SK 
100 1 |a Šlapanský, J.  |4 aut  |9 1152547 
245 1 0 |a VÄZBOVÉ VEDENIE PRE ZLUČOVANIE A ROZVOD TELEVÍZNEHO SIGNÁLU  |c J. Šlapanský, K. Kováts 
700 1 |a Kováts, K.  |4 aut  |9 1528352 
773 0 |t Bulletin VÚKI  |g Roč. 16, č. 6 (1963), s. 281-285 
850 |a Slovenská národná knižnica 
852 |a Slovenská národná knižnica 
958 |a article1 
958 |a OND 
999 |c 3078638  |d 3080568